History Quiz

Random History or Art Quiz

Can You Recognize Great Artists? Quiz Stats

 Plays Quiz Updated Apr 8, 2015

Challenge
Share
Tweet
Score 0/20 Timer 06:00
13 Plays Today
% Correct
False: Vincent Van Gogh - Starry Night
96.4%
True: Andy Warhol - Marilyn
95.3%
True: Salvador Dalí - The Invisible Man
93.9%
True: Leonardo da Vinci - The Last Supper
93.5%
True: Jackson Pollock - Number 5
91%
True: Rembrandt - The Night Watch
90.7%
False: Pablo Picasso - Seated Woman
83.3%
False: Georges Seurat - A Sunday Afternoon on the Island of La Grande Jatte
82.2%
True: René Magritte - Il Falso Specchio
80.4%
False: Grant Wood - American Gothic
79.3%
% Correct
True: El Greco - View of Toledo
77.9%
True: Joan Miró - Daybreak
77.1%
True: Gustav Klimt - The Kiss
72.9%
False: Diego Velázquez - Las Meninas
71.2%
True: Henri Matisse - The Young Sailor I
68.9%
True: Francisco Goya - Maja Ubrana
68.6%
False: Jasper Johns - Flag
68.3%
False: Claude Monet - Sunflowers
63.4%
False: Botticelli - Primavera
56.2%
False: Paul Cézanne - The Card Players
47.5%

You're not logged in!

Compare scores with friends on all Sporcle quizzes.
OR
Log In

You Might Also Like...

Show Comments

Extras

Top Quizzes Today


Score Distribution

Your Account Isn't Verified!

In order to create a playlist on Sporcle, you need to verify the email address you used during registration. Go to your Sporcle Settings to finish the process.

Report this User

Report this user for behavior that violates our Community Guidelines.

Details: